00881nam a2200265Ia 450000500170000000800410001702000150005804100080007310000360008124500330011725000280015026400260017830000260020433600270023033700330025733800280029049000470031850500620036565000390042765000410046665000320050765000290053904000350056808400120060320220316235349.0121119s2001 sp gr 000 j spa  a84206331270 aspa1 aBorges, Jorge Luis,d1899-1986 10aFiccionescJorge Luis Borges aSéptima reimpresión 1aMadridbAlianzac2001 a218 páginasc18 cm. atextobtxt2rdacontent asin mediaciónbn2rdamedia avolumenbnc2rdacarrier0 aEl libro de bolsillo : biblioteca de autor0 a1.El jardín de senderos que se bifurcan -- 2.Artificios142LEMBaCuentos argentinosySiglo XX142LEMBaLiteratura argentinaySiglo XX142LEMBaCuentos fantásticos142LEMBaVenganza vCuentos aCO-BoRNBPbspaerdacCO-BoRNBP aC BOR2